000 00626nam a2200181 i 4500
001 163647
003 ES-MaACL
005 20230906212800.0
008 990624q1872 fr |||| | fre d
100 1 _aRobin, Elie.
_9167550
245 1 3 _aLa question pénitentiaire /
_cpar E. Robin.
260 _aParis :
_bJ. Bonhoure,
_c[1872]
300 _aVIII, 294 p. ;
_c23 cm.
596 _aFecha probable, tomada del texto: 1872.
650 _aDerecho penitenciario-
_zFrancia.
_9141896
752 _aFrancia -
_dParĂ­s
852 _aES-MaACL
_jD-136
_z- Enc. hol.
_z. - Donativo Lastres, 1907
_z- Dedic. ms. para Francisco Lastres
999 _c163647
_d163647